000 01016nam0a22002531 4500
001 rc\3802587
005 20250530055109.0
021 _aRU
_b[75-68544]
035 _a(NLR Aleph) 007256472
090 _a5261088
_c5261088
100 _a20120311d1975 |||y0rusy50 ca
101 0 _arus
102 _aRU
105 _ay z |||||
200 1 _aНекоторые вопросы правового регулирования труда рабочих и служащих в хлопководческих совхозах
_e(По материалам Узбекистана)
_fАН УзССР. Ин-т философии и права
210 _aТашкент
_cФан
_d1975
215 _a101 с.
_d21
606 _aХлопководческие совхозы
_xТрудовые правоотношения
_2psbo
700 1 _aИсмаилова
_bХ.А.
_gХалида Абдухакимовна
801 0 _aRU
_bNLR
_gpsbo
801 1 _aRU
_bELAR
_2rusmarc
852 _aNLR
_j75-3/6196
942 _cBOOK
980 _aNB